Libby the writing fairy / (Record no. 2894)

MARC details
000 -LEADER
fixed length control field 01711cam a22005057i 4500
001 - CONTROL NUMBER
control field 2894
003 - CONTROL NUMBER IDENTIFIER
control field FISKH
005 - DATE AND TIME OF LATEST TRANSACTION
control field 20240122151723.0
008 - FIXED-LENGTH DATA ELEMENTS--GENERAL INFORMATION
fixed length control field 160510s2014 nyuab j 000 1 eng d
010 ## - LIBRARY OF CONGRESS CONTROL NUMBER
LC control number 2016297835
020 ## - INTERNATIONAL STANDARD BOOK NUMBER
International Standard Book Number 9780545724142
020 ## - INTERNATIONAL STANDARD BOOK NUMBER
International Standard Book Number 0545724147
020 ## - INTERNATIONAL STANDARD BOOK NUMBER
International Standard Book Number 9780545708340
020 ## - INTERNATIONAL STANDARD BOOK NUMBER
International Standard Book Number 0545708346
020 ## - INTERNATIONAL STANDARD BOOK NUMBER
International Standard Book Number 9781408331514
035 ## - SYSTEM CONTROL NUMBER
System control number (OCoLC)ocn897638970
040 ## - CATALOGING SOURCE
Original cataloging agency IHI
Language of cataloging eng
Transcribing agency IHI
Modifying agency OCLCF
-- AU@
-- CNSOA
-- OCLCO
-- OCLCQ
-- OCLCO
-- BDX
-- DLC
Description conventions rda
042 ## - AUTHENTICATION CODE
Authentication code lccopycat
050 00 - LIBRARY OF CONGRESS CALL NUMBER
Classification number PZ7.M507
Item number Lh 2014
082 04 - DEWEY DECIMAL CLASSIFICATION NUMBER
Classification number 823.92
100 1# - MAIN ENTRY--PERSONAL NAME
Personal name Meadows, Daisy.
245 10 - TITLE STATEMENT
Title Libby the writing fairy /
Statement of responsibility, etc. by Daisy Meadows.
260 ## - PUBLICATION, DISTRIBUTION, ETC.
Place of publication, distribution, etc. New York :
Name of publisher, distributor, etc. Orchard Books,
Date of publication, distribution, etc. 2014
300 ## - PHYSICAL DESCRIPTION
Extent 72 pages :
Other physical details illustrations, map ;
Dimensions 20 cm.
336 ## - CONTENT TYPE
Content type term text
Content type code txt
Source rdacontent
337 ## - MEDIA TYPE
Media type term unmediated
Media type code n
Source rdamedia
338 ## - CARRIER TYPE
Carrier type term volume
Carrier type code nc
Source rdacarrier
490 1# - SERIES STATEMENT
Series statement The magical crafts fairies
490 1# - SERIES STATEMENT
Series statement Rainbow magic
505 ## - FORMATTED CONTENTS NOTE
Formatted contents note R<br/>
520 ## - SUMMARY, ETC.
Summary, etc. Libby the writing fairy needs Rachel and Kirsty's help to find her missing notebook in order to help keep Rainspell Island's Arts and Crafts Week on schedule.
521 8# - TARGET AUDIENCE NOTE
Target audience note 760<br/>
Source Lexile <br/>
521 8# - TARGET AUDIENCE NOTE
Target audience note R<br/>
Source Raz-Plus <br/>
650 #0 - SUBJECT ADDED ENTRY--TOPICAL TERM
Topical term or geographic name entry element Writing
Form subdivision Juvenile fiction.
650 #0 - SUBJECT ADDED ENTRY--TOPICAL TERM
Topical term or geographic name entry element Fairies
Form subdivision Juvenile fiction.
650 #0 - SUBJECT ADDED ENTRY--TOPICAL TERM
Topical term or geographic name entry element Magic
Form subdivision Juvenile fiction.
650 #1 - SUBJECT ADDED ENTRY--TOPICAL TERM
Topical term or geographic name entry element Writing
Form subdivision Juvenile fiction.
650 #7 - SUBJECT ADDED ENTRY--TOPICAL TERM
Topical term or geographic name entry element Fairies.
Source of heading or term fast
Authority record control number or standard number (OCoLC)fst00919878
650 #7 - SUBJECT ADDED ENTRY--TOPICAL TERM
Topical term or geographic name entry element Magic.
Source of heading or term fast
Authority record control number or standard number (OCoLC)fst01005468
650 #7 - SUBJECT ADDED ENTRY--TOPICAL TERM
Topical term or geographic name entry element Writing.
Source of heading or term fast
Authority record control number or standard number (OCoLC)fst01181638
655 #7 - INDEX TERM--GENRE/FORM
Genre/form data or focus term Fiction.
Source of term fast
Authority record control number or standard number (OCoLC)fst01423787
655 #7 - INDEX TERM--GENRE/FORM
Genre/form data or focus term Juvenile works.
Source of term fast
Authority record control number or standard number (OCoLC)fst01411637
906 ## - LOCAL DATA ELEMENT F, LDF (RLIN)
a 7
b cbc
c copycat
d 2
e ncip
f 20
g y-gencatlg
942 ## - ADDED ENTRY ELEMENTS (KOHA)
Source of classification or shelving scheme Dewey Decimal Classification
Koha item type Books
Suppress in OPAC No
Holdings
Withdrawn status Lost status Source of classification or shelving scheme Damaged status Not for loan Collection Home library Current library Shelving location Date acquired Total Checkouts Full call number Barcode Date due Date last seen Date last checked out Price effective from Koha item type
    Dewey Decimal Classification     Juvenile Fiction Footprints International School Library Network Toul Kork Campus Footprints International School Library Network Toul Kork Campus TK Primary Library Room(4th Floor), Bookcase 5&6, Shelves 33-56, Orange Books 01/22/2024 5 MEA 823.92 PZ7.M507 FISTK00277 04/08/2026 03/25/2026 03/25/2026 01/22/2024 Books